<?xml version="1.0" encoding="UTF-8"?>
<marc:record xmlns:marc="http://www.loc.gov/MARC21/slim">
   <marc:leader>00000nam a2200000 a 4500</marc:leader>
   <marc:datafield ind1="1" ind2=" " tag="100">
      <marc:subfield code="a">Cajetan, Thomas</marc:subfield>
      <marc:subfield code="4">aut</marc:subfield>
      <marc:subfield code="e">Verfasser/-in</marc:subfield>
   </marc:datafield>
   <marc:datafield ind1="0" ind2="0" tag="245">
      <marc:subfield code="a">Ientacvla</marc:subfield>
   </marc:datafield>
   <marc:datafield ind1="0" ind2="0" tag="245">
      <marc:subfield code="b">Reverendiss. Dn. Thomae De Vio Caietani, Cardinalis S. Xisti, praeclarissima LXIIII. notabilium sententiarum Novi Testamenti literalis expositio, in duodecim capita distincta, quae totidem Ientacula Novi Testamenti, ratione operis initio reddita, inscribu</marc:subfield>
   </marc:datafield>
   <marc:datafield ind1=" " ind2="1" tag="264">
      <marc:subfield code="a">Lugduni</marc:subfield>
      <marc:subfield code="b">Iunta</marc:subfield>
      <marc:subfield code="c">1561</marc:subfield>
   </marc:datafield>
   <marc:datafield ind1=" " ind2=" " tag="250">
      <marc:subfield code="a">[Bindeeinheit]</marc:subfield>
   </marc:datafield>
   <marc:datafield ind1="1" ind2=" " tag="520">
      <marc:subfield code="a">Erscheinungsvermerk lt. Vorlage: Lugduni, Apud haeredes Iacobi Iuntae. 1561. Vermerke am Titelbl. des 1. Werkes: Sum Sigismundi Stadi:, In usum Georgii Ayblmiglii J. V. Licentiati Anno domini 1598, Stempel am Titelbl. und Vortitelbl. des 1. Werkes: Bibliotheca Convent. P. P. Capuc. Gmundae, handschriftliche Unterstreichungen im Text, Kardinalswappen am Titelbl. http://zentralbibliothek.kapuziner.at/kupferstiche/provinzbibliothek/provinzbibliothek_3546.jpg, gelber Ledereinband auf Buchdeckeln aus Holz, Leder der Buchdeckel mit Linien, figurativen Bordüren (Köpfen im Medaillons mit Beischriften "RVS" und "SIM") und Deckelvignetten (VD: Kreuzigung mit Moses und Johannes dem Täufer mit Beischrift " 	ECCE AGNVS DEI QVI TOLLIT // PECCATA MVNDI IOANNIS I" Eherne Schlange im Hintergrund, HD: Auferstehung Jesu mit Beischrift "ERO MORS TVA O MORS MOR || SVS ERO TVVS INFERNVM"), blaue Schnittkante, zwei Schließen aus Messing mit Lederscharnieren (ein Metallhaken fehlt), blaue Schnittkante, 29 Signakel aus Karton.</marc:subfield>
   </marc:datafield>
   <marc:datafield ind1=" " ind2=" " tag="300">
      <marc:subfield code="a">[120] Bl.; 13,5 cm</marc:subfield>
   </marc:datafield>
</marc:record>
